<?xml version="1.0" encoding="UTF-8"?>
<record
    xmlns:xsi="http://www.w3.org/2001/XMLSchema-instance"
    xsi:schemaLocation="http://www.loc.gov/MARC21/slim http://www.loc.gov/standards/marcxml/schema/MARC21slim.xsd"
    xmlns="http://www.loc.gov/MARC21/slim">

  <leader>05143nam a2200481Ia 4500</leader>
  <controlfield tag="001">dia_5532</controlfield>
  <controlfield tag="003">CHAP</controlfield>
  <controlfield tag="005">20240830133933.0</controlfield>
  <controlfield tag="007">ta</controlfield>
  <controlfield tag="008">220117s2014    mx beo frm    001 0 spa d</controlfield>
  <datafield tag="010" ind1=" " ind2=" ">
    <subfield code="a">176473</subfield>
  </datafield>
  <datafield tag="040" ind1=" " ind2=" ">
    <subfield code="c">CHAP</subfield>
    <subfield code="a">mxchpua</subfield>
    <subfield code="e">rda</subfield>
  </datafield>
  <datafield tag="041" ind1="0" ind2=" ">
    <subfield code="a">spa</subfield>
    <subfield code="b">eng</subfield>
  </datafield>
  <datafield tag="090" ind1=" " ind2=" ">
    <subfield code="a">Tesis </subfield>
    <subfield code="b">S26 </subfield>
    <subfield code="c">2014</subfield>
  </datafield>
  <datafield tag="100" ind1="1" ind2=" ">
    <subfield code="a">S&#xE1;nchez Gallegos, Jos&#xE9; Luis</subfield>
  </datafield>
  <datafield tag="240" ind1="1" ind2="0">
    <subfield code="a">Technical and economical feasiblity study for a planta production of brown sugar in Tzimol, Chiapas.</subfield>
    <subfield code="l">Espa&#xF1;ol</subfield>
  </datafield>
  <datafield tag="245" ind1="1" ind2="0">
    <subfield code="a">Estudio de factibilidad t&#xE9;cnico-econ&#xF3;mico de una planta productora de panela en el municipio de Tzimol, Chiapas /</subfield>
    <subfield code="c">Jos&#xE9; Luis S&#xE1;nchez Gallegos</subfield>
  </datafield>
  <datafield tag="264" ind1=" " ind2=" ">
    <subfield code="a">Chapingo, M&#xE9;xico :</subfield>
    <subfield code="b">El autor,</subfield>
    <subfield code="c">2014</subfield>
  </datafield>
  <datafield tag="300" ind1=" " ind2=" ">
    <subfield code="a">ix, 107 hojas :</subfield>
    <subfield code="b">mapas, diagramas, tablas, fotos, planos +</subfield>
    <subfield code="e">1 CD-ROM</subfield>
  </datafield>
  <datafield tag="336" ind1=" " ind2=" ">
    <subfield code="2">rdacontent</subfield>
    <subfield code="a">texto</subfield>
    <subfield code="b">txt</subfield>
  </datafield>
  <datafield tag="337" ind1=" " ind2=" ">
    <subfield code="2">rdamedia</subfield>
    <subfield code="a">no mediado</subfield>
    <subfield code="b">n</subfield>
  </datafield>
  <datafield tag="338" ind1=" " ind2=" ">
    <subfield code="2">rdacarrier</subfield>
    <subfield code="a">volumen</subfield>
    <subfield code="b">nc</subfield>
  </datafield>
  <datafield tag="500" ind1=" " ind2=" ">
    <subfield code="a">Los planos est&#xE1;n incluidos en el reporte.</subfield>
  </datafield>
  <datafield tag="502" ind1=" " ind2=" ">
    <subfield code="a">Tesis </subfield>
    <subfield code="b">(Ingeniero Agroindustrial) -- </subfield>
    <subfield code="c">UACh. Departamento de Ingenier&#xED;a Agroindustrial, </subfield>
    <subfield code="d">2014</subfield>
  </datafield>
  <datafield tag="504" ind1=" " ind2=" ">
    <subfield code="a">Bibliograf&#xED;a: hojas 104-107</subfield>
  </datafield>
  <datafield tag="505" ind1="0" ind2="0">
    <subfield code="a">2 planos --
1. Distribuci&#xF3;n de &#xE1;reas (Esc. 1:100) --
2. Distribuci&#xF3;n de &#xE1;reas 2 (Esc. 1:100)</subfield>
  </datafield>
  <datafield tag="520" ind1="3" ind2=" ">
    <subfield code="a">El presente estudio evalu&#xF3; la rentabilidad de un sistema de producci&#xF3;n de panela y panela granulada, el cual estar&#xE1; ubicado en el municipio de Tzimol, en el estado de Chiapas. Para este proyecto se ha determinado que es necesario realizar una inversi&#xF3;n de $ 6 838,153.00 siendo $ 6 313,717.00 de inversi&#xF3;n fija y $ 459,440 de capital de trabajo. En el estado de Chiapas y en particular en el municipio de Tzimol, la producci&#xF3;n de panela es una de las principales actividades econ&#xF3;micas, sin embargo, existe un grupo de peque&#xF1;os productores que se encuentran desorganizados y vulnerables al intermediarismo, por lo que se han visto en la necesidad de agruparse para mejorar las condiciones de mercado. El objetivo de esta investigaci&#xF3;n fue determinar la factibilidad t&#xE9;cnica y econ&#xF3;mica para el desarrollo de una planta productora de panela y panela granulada para el grupo &#x201C;Uni&#xF3;n de Productores de Panela y Ca&#xF1;a de Az&#xFA;car de Tzimol&#x201D;. El an&#xE1;lisis se realiz&#xF3; a 8 a&#xF1;os, obteniendo en la evaluaci&#xF3;n financiera los principales indicadores, una VAN de 7 652,869, una relaci&#xF3;n B/C de 1.09, mientras que la Tasa Interna de Rentabilidad (TIR) fue de 29.62%. Los l&#xED;mites de aceptabilidad se encuentran para el aumento del precio de la materia prima, el proyecto llega a soportar un aumento de hasta el 15%; para la disminuci&#xF3;n del precio de venta el proyecto puede mantenerse como viable con una disminuci&#xF3;n de hasta un 10%. Adem&#xE1;s el proyecto logra soportar la disminuci&#xF3;n del 15% en su rendimiento. Con base en estos indicadores, se concluy&#xF3; que el proyecto resulta viable desde el punto de vista econ&#xF3;mico. La rentabilidad del proyecto de inversi&#xF3;n es buena y la producci&#xF3;n de panela y panela granulada cuenta con buenas perspectivas de comercializaci&#xF3;n. </subfield>
  </datafield>
  <datafield tag="520" ind1="3" ind2=" ">
    <subfield code="a">This study assessed the profitability of a brown sugar production which will be located in the community of Tzimol in the state of Chiapas. For this project it will be needed an investment of $ 6 838,157.00, were $ 6 313,717 will be in fixed investment and $ 459,440 for working capital. In the state of Chiapas, particularly in the town of Tzimol, brown sugar production is one of the most important economic activities, however, there is a group of small producers who are disorganized and vulnerable to middlemen, so they have been grouped the need to improve market conditions. The objective of this research was to determine the technical and economic feasibility for the development of a plant producing brow sugar for the group &#x201C;Union of Producers of Brown Sugar and Sugarcane of Tzimol&#x201D;. The analysis was performed to 8 years, obtaining in the financial evaluation the key indicators, NPV of 7 652,869.00, B/C of 1.09 while the IRR = 29.62%. The limits of acceptability are for increased raw material prices; therefore the project is to support an increase of up to 15%, for a reduction of a selling price the project can remain viable with a decrease up to 10%. Also the project can support an achieved of 15% decrease in production. Based on these indicators, it was concluded that the project is feasible from an economic standpoint. The profitability of the investment project is good and the brown sugar production has good marketability. </subfield>
  </datafield>
  <datafield tag="650" ind1="1" ind2="3">
    <subfield code="a">Industria azucarera</subfield>
    <subfield code="z">M&#xE9;xico</subfield>
    <subfield code="z">Chiapas  </subfield>
    <subfield code="2">atg</subfield>
  </datafield>
  <datafield tag="650" ind1="1" ind2="7">
    <subfield code="a">Panela</subfield>
    <subfield code="2">atg</subfield>
  </datafield>
  <datafield tag="650" ind1="1" ind2="3">
    <subfield code="a">Jaggery  </subfield>
    <subfield code="2">atg</subfield>
  </datafield>
  <datafield tag="650" ind1="1" ind2="3">
    <subfield code="a">Sugar industry</subfield>
    <subfield code="z">Mexico</subfield>
    <subfield code="z">Chiapas</subfield>
    <subfield code="2">atg</subfield>
  </datafield>
  <datafield tag="700" ind1="1" ind2=" ">
    <subfield code="a">Ybarra Moncada, Ma. Carmen</subfield>
    <subfield code="e">directora</subfield>
  </datafield>
  <datafield tag="700" ind1="1" ind2=" ">
    <subfield code="a">Garc&#xED;a Ch&#xE1;vez, Luis Ramiro</subfield>
    <subfield code="e">asesor</subfield>
  </datafield>
  <datafield tag="700" ind1="1" ind2=" ">
    <subfield code="a">Mart&#xED;nez Mosqueda, Francisco</subfield>
    <subfield code="e">asesor</subfield>
  </datafield>
  <datafield tag="856" ind1="4" ind2="1">
    <subfield code="u">http://10.13.5.2/tesis/sist109726.pdf</subfield>
    <subfield code="y">DESCARGAR PDF</subfield>
  </datafield>
  <datafield tag="901" ind1=" " ind2=" ">
    <subfield code="a">TESIS S26 2014</subfield>
  </datafield>
  <datafield tag="902" ind1=" " ind2=" ">
    <subfield code="a">M</subfield>
  </datafield>
  <datafield tag="905" ind1=" " ind2=" ">
    <subfield code="a">5232272014                          mx ainl8223223322spa16</subfield>
  </datafield>
  <datafield tag="942" ind1=" " ind2=" ">
    <subfield code="c">TESIS</subfield>
    <subfield code="2">Clasificaci&#xF3;n Universidad Aut&#xF3;noma Chapingo</subfield>
  </datafield>
  <datafield tag="999" ind1=" " ind2=" ">
    <subfield code="c">176473</subfield>
    <subfield code="d">176473</subfield>
  </datafield>
  <datafield tag="952" ind1=" " ind2=" ">
    <subfield code="0">0</subfield>
    <subfield code="1">0</subfield>
    <subfield code="2">local</subfield>
    <subfield code="4">0</subfield>
    <subfield code="5">5</subfield>
    <subfield code="7">0</subfield>
    <subfield code="8">TESIS</subfield>
    <subfield code="a">IA_</subfield>
    <subfield code="b">IA_</subfield>
    <subfield code="d">2022-01-18</subfield>
    <subfield code="e">El autor</subfield>
    <subfield code="l">1</subfield>
    <subfield code="o">Tesis S26 2014</subfield>
    <subfield code="p">1101008202</subfield>
    <subfield code="r">2024-09-10 17:50:34</subfield>
    <subfield code="s">2024-09-10</subfield>
    <subfield code="t">Ej. 3</subfield>
    <subfield code="w">2022-01-18</subfield>
    <subfield code="y">CD</subfield>
  </datafield>
  <datafield tag="952" ind1=" " ind2=" ">
    <subfield code="0">0</subfield>
    <subfield code="1">0</subfield>
    <subfield code="2">local</subfield>
    <subfield code="4">0</subfield>
    <subfield code="5">1</subfield>
    <subfield code="7">0</subfield>
    <subfield code="8">TESIS</subfield>
    <subfield code="a">IA_</subfield>
    <subfield code="b">IA_</subfield>
    <subfield code="d">2022-01-18</subfield>
    <subfield code="e">El autor</subfield>
    <subfield code="l">0</subfield>
    <subfield code="o">Tesis S26 2014</subfield>
    <subfield code="p">1101008200</subfield>
    <subfield code="r">2026-02-02 00:00:00</subfield>
    <subfield code="t">Ej. 1</subfield>
    <subfield code="w">2022-01-18</subfield>
    <subfield code="y">TESIS</subfield>
  </datafield>
  <datafield tag="952" ind1=" " ind2=" ">
    <subfield code="0">0</subfield>
    <subfield code="1">0</subfield>
    <subfield code="2">local</subfield>
    <subfield code="4">0</subfield>
    <subfield code="5">1</subfield>
    <subfield code="7">0</subfield>
    <subfield code="8">TESIS</subfield>
    <subfield code="a">IA_</subfield>
    <subfield code="b">IA_</subfield>
    <subfield code="d">2022-01-18</subfield>
    <subfield code="e">El autor</subfield>
    <subfield code="l">0</subfield>
    <subfield code="o">Tesis S26 2014</subfield>
    <subfield code="p">1101008201</subfield>
    <subfield code="r">2022-01-18 00:00:00</subfield>
    <subfield code="t">Ej. 2</subfield>
    <subfield code="w">2022-01-18</subfield>
    <subfield code="y">CD</subfield>
  </datafield>
  <datafield tag="952" ind1=" " ind2=" ">
    <subfield code="0">0</subfield>
    <subfield code="1">0</subfield>
    <subfield code="2">local</subfield>
    <subfield code="4">0</subfield>
    <subfield code="7">0</subfield>
    <subfield code="8">TesDigL</subfield>
    <subfield code="a">IA_</subfield>
    <subfield code="b">IA_</subfield>
    <subfield code="c">E_L</subfield>
    <subfield code="d">2024-08-30</subfield>
    <subfield code="e">El autor</subfield>
    <subfield code="l">0</subfield>
    <subfield code="p">1201008200</subfield>
    <subfield code="r">2024-08-30 14:36:39</subfield>
    <subfield code="w">2024-08-30</subfield>
    <subfield code="y">TD</subfield>
  </datafield>
</record>
